000 00704nam a2200289Ia 4500
005 20260324114958.0
008 008 260324s9999 xx 000 0 eng d
020 _a9781003025276
037 _aEBOOK
040 _aCRL
040 _beng
040 _cCRL
041 _2eng
041 _aeng
084 _qCRL
100 _aAlin Posteucă
_91152898
245 0 _aSpeed-Based Target Profit
245 0 _bPlanning and Developing Synchronous Profitable Operations
260 _bTaylor and Francis
260 _c2020
365 _a
365 _b82.99
856 _uhttp://www.taylorfrancis.com/books/9781003025276
942 _cEBOOK
999 _c1743422
_d1743422